02176cam a22004094i 4500003000900000005001700009008004100026020001500067020001800082035002000100040003300120049000900153082001900162100003200181245009500213264003800308300003800346336002100384337002500405338002300430505072800453526000901181526000901190526000801199526000801207526000801215526000801223650003801231650005001269910002801319942001401347994001401361596000601375999016001381980005501541952017001596PE-LiUPU20250731175627.0200123s2000 xxu r 000 0 spa d a0310232295 a9780310232292 a(Sirsi) a252796 aPE-LiUPUbspacPE-LiUPUerda aPRUA04a487.4bW192211 aWallace, Daniel B.,eautor.14aThe basics of New Testament syntax :ban intermediate Greek grammar /c Daniel B. Wallace. 1aGrand Rapids :bZondervan,c2000. a334 páginas ;c28 centímetros atext2rdacontent aunmediated2rdamedia avolume2rdacarrier0 aSyntax of nouns and nominals -- The cases -- The cases: An introduction -- Nominative case -- Vocative case -- Genitive case -- Dative case -- Accusative case -- The article -- Origin, function, regular uses, absence -- Special uses and non-uses of the article -- Adjectives -- Pronouns -- Prepositions -- Syntax of verbs and verbals -- Person and number -- Voice -- Active -- Middle -- Passive -- Mood -- Indicative -- Subjective -- Optative -- Imperative -- Tense -- The tenses: An introduction -- Present -- Imperfect -- Aorist -- Future -- Perfect and pluperfect -- The infinitive -- The participle -- Syntax of the clause -- Introduction to Greek clauses -- The role of conjunctions -- Special studies in the clauses. aP145 aP127 aP97 aP35 aP14 aP0707aBiblia.pNuevo Testamento.2fast.04aLengua griega, bíblicaxgramática.2fast. adbmbkslcksld20200123 2ddccBOOK aC0bPEPRU a1 a487.4 W19wDEWEYc32016i80888f2021-11-11g2lCCODEBUL1mBULp42.00r0sYtBOOKu2020-1-23xTEOLOGIAPP350DONACIONo.STAFF. Colección Teologíad32016 81gALBERTO SANCHEZ Responsable de Automatización r2025-12-02 00:00:00i3l0o487.4 W19p80888te1v47.00w2020-01-23xFTyBKzinventario-2023-12-13102ddc50708GENfP35aBULbBULcGENd2020-01-23eDONACIONg42.00